| 000 | 00495nam a2200169 i 4500 | ||
|---|---|---|---|
| 001 | 81905 | ||
| 003 | ES-MaACL | ||
| 005 | 20250712024116.0 | ||
| 007 | t| | ||
| 008 | 041108s1969 sp ||||1| spa d | ||
| 100 | 1 |
_aIglesias Laguna, Antonio, _d1927-1972 _965122 |
|
| 245 | 1 | 3 |
_aLa India, con vacas y sin iglesias / _cAntonio Iglesias Laguna. |
| 260 |
_aBarcelona : _bTaber, _c1969. |
||
| 300 |
_a198 p. ; _c22 cm. |
||
| 852 |
_aES-MaACL _jC-38452 _bR.72354 |
||
| 999 |
_c81905 _d81905 |
||